À la découverte de la francophonie en Europe avec les émissions de radio
Αποθηκεύτηκε σε:
| Κύριος συγγραφέας: | |
|---|---|
| Μορφή: | Βιβλίο |
| Γλώσσα: | Spanish |
| Έκδοση: |
Heredia, Costa Rica
EUNA
2017
|
| Θέματα: | |
| Ετικέτες: |
Προσθήκη ετικέτας
Δεν υπάρχουν, Καταχωρήστε ετικέτα πρώτοι!
|
MARC
| LEADER | 00000nam a22000007a 4500 | ||
|---|---|---|---|
| 008 | 181112b xxu||||| |||| 00| 0 spa d | ||
| 020 | |a 978-9977-65-474-4 | ||
| 040 | |a cru BVZT | ||
| 090 | |a 415-F B-3.1de | ||
| 100 | |a Boza Araya, Virginia | ||
| 245 | |a À la découverte de la francophonie en Europe avec les émissions de radio |c Virginia Boza Araya , Gabriela Alfaro Madrigal | ||
| 260 | |a Heredia, Costa Rica |b EUNA |c 2017 | ||
| 300 | |a 219 páginas |e Acompañado por 1 disco compacto | ||
| 630 | |l Francés | ||
| 650 | 0 | |9 215 |a GRAMÁTICA FRANCESA | |
| 650 | 0 | |9 118 |a LINGÜÍSTICA APLICADA | |
| 650 | 0 | |9 216 |a ASPECTOS CULTURALES | |
| 650 | 0 | |9 217 |a RADIODIFUSIÓN | |
| 650 | 0 | |9 218 |a LIBRO DE TEXTO | |
| 650 | 0 | |9 219 |a ENSEÑANZA DE IDIOMAS | |
| 650 | 0 | |9 220 |a PEDAGOGÍAS | |
| 650 | 0 | |9 221 |a FRANCOFONÍA |z EUROPA | |
| 999 | |c 30645 |d 30645 | ||
| 942 | |c LIB |h 415-F B-3.1de |2 z | ||



